1249 1834 1886 1131 1893 1652 1025 1032 1197 1843 1808 1747 1177 1254 1055 1356 1159 1661 1469 1287 1004 1302 1383 1555 1970 1587 1306 1551 1284 1034 1214 1645 1580 1418 1098 1410 1645 1132 1046 1607 1085 1794 1528 1876 1150 1152 1299 1739 1102 1929 1863 1302 1049 1535 1122 1112 1336 1600 1252 1677 1385 1768 1626 1564 1665 1929 1830 1034 1666 1976 1712 1998 1995 1913 1072 1649 1419 1141 1924 1774 1197 1115 1933 1906 1720 1388 1969 1480 1983 1208 1984 1511 1273 1447 1357 1784 1923 1581 1049 BCNSPRNW ULIB Ver.6.0+V

เปลี่ยนเป็นภาษาไทย

Change to English
 แสดงรายละเอียดบรรณานุกรม
  กลับหน้าหลัก

Brief Record : Get Marc (ISO 2709) : E-mail record : QR code < ปิดหน้าต่าง
LEADER : 00000nam 2200000uu 4500
001    13399109577
003     ULIB
008    110405s2545||||th 000 0 tha d
020    9746350137
060 04 WB354^bภ388ย 2545
100 0  ภารุณี ถนอมเกียรติ
245 10 ยาฉีด =^bParenteral preparations /^cภารุณี ถนอมเกียรติ
246 31 Parenteral preparations
250    ฉบับปรับปรุงใหม่
260    กรุงเทพฯ :^bภาควิชาเภสัชอุตสาหกรรม คณะเภสัชศาสตร์จุฬาลงกรณ์มหาวิทยาลัย,^c2545
300    [5], 219 หน้า :^bภาพประกอบ ;^c29 ซม
504    บรรณานุกรม
650  7 ยาฉีด
653    รูปแบบของยา
710 2  จุฬาลงกรณ์มหาวิทยาลัย. ^bคณะเภสัชศาสตร์.^bภาควิชาเภสัชอุตสาหกรรม
945    ^p250^l0^i015611
945    ^p250^l0^i015610
995    ทศพร
999 ^a ใช้งานได้ทุกระบบ
รายการนี้ยังไม่มีแท็ก
คุณยังไม่ได้ล็อกอิน คุณสามารถมีกิจกรรมร่วมกับเว็บไซต์ได้ แต่ต้องล็อกอินก่อน ::
  ล็อกอิน

รายการสื่อสารสนเทศ

ลำดับที่ ประเภท เลขเรียก/บาร์โค้ด สถานที่ สถานะ
- ไม่พบข้อมูล -

รายการใกล้เคียง
    ผู้แต่ง [ภารุณี ถนอมเกียรติ]

    หัวเรื่อง [ยาฉีด]

BibComment


ยังไม่เคยถูกคอมเมนท์

คอมเมนท์ทรัพยากรรายการนี้
  คอมเมนท์: ยาฉีด Parenteral..


 Copyright 2026. Bcnsprnw @Library